000 01026nam0a22003011 4500
001 RU\NLR\INFOCOMM_223\5000057859
005 20250613100930.0
035 _a(NLR Aleph) 009365560
090 _a7889330
_c7889330
100 _a20101209d1988 |||y0rusy50 ca
101 0 _ager
102 _aRU
105 _ay ||||000|y
200 1 _aDer Planet Erde in der "postnuklearen" Epoche
_fA. Ginzburg
210 _aМ.
_cNauka
_d1988
215 _a111 с.
_d20 см
225 1 _aWeltfrieden und Abrüstung
_fWiss. Rat für Friedens- u. Abrüstungsforschungen
_v48
300 _aВ вып. дан.: Планета Земля в "послеядерную" эпоху / А. С. Гинзбург
320 _aБиблиогр. в примеч.: с. 109-111
686 _aД247.68
_2rubbk
686 _aЕ081.4
_2rubbk
686 _aТ3(0)63-611
_2rubbk
700 1 _aGinzburg
_bA. S.
_gAleksandr Samuilovič
_4070
801 1 _aRU
_bNLR
_c20101209
801 0 _aRU
_bNLR
_gPSBO
852 _aNLR
_jИ25 Д-3/772
942 _cBOOK
980 _aNB